000 00664nam a22002057a 4500
005 20240530110532.0
008 160321s2011 ua a g 000 f eng d
017 _a2009/16793
_bمصر . دار الكتب المصرية
020 _a9789770926734
040 _aEG-CaGPL
082 0 4 _221
_a813.03\
_bج ر
100 0 _aجمال الغيطانى .
245 1 2 _aالرفاعى :
_bرواية /
_cجمال الغيطانى .
250 _aط2.
260 _aالقاهرة :
_bدار الشروق ،
_c2011 .
300 _a125 ص ؛
_c20 سم .
650 0 4 _aالقصص العربية .
942 _2ddc
_cBK
999 _c62111
_d62111